Kỹ thuật đầu tư trực tiếp nước ngoài tại Việt Nam

保存先:
書誌詳細
第一著者: Võ Thanh Thu
フォーマット: 図書
言語:Undetermined
出版事項: Tp. HCM Thống Kê 2000
主題:
タグ: タグ追加
タグなし, このレコードへの初めてのタグを付けませんか!
Thư viện lưu trữ: Trung tâm Học liệu Trường Đại học Cần Thơ
LEADER 00609nam a2200181Ia 4500
001 CTU_35147
008 210402s9999 xx 000 0 und d
082 |a 332.6 
082 |b Th500 
100 |a Võ Thanh Thu 
245 0 |a Kỹ thuật đầu tư trực tiếp nước ngoài tại Việt Nam 
245 0 |c Võ Thanh Thu và Ngô Thị Ngọc Huyền 
260 |a Tp. HCM 
260 |b Thống Kê 
260 |c 2000 
650 |a estate planning,finance, personal,investments,mutual funds,securities 
904 |i Minh 
980 |a Trung tâm Học liệu Trường Đại học Cần Thơ